• 首页
  • 本馆介绍
  • 公告通知
  • 最新文献
  • 馆藏检索
  • 电子资源
  • 读者导购
  • 参考咨询
  • 我的图书馆
  • 登录
  • 详细信息显示
  • 放入我的书架
  • 预约/预借图书
  • 作者相关作品
  • 分类相关作品
  • 丛书相关作品
  • 出版社相关作品

书目信息

  • 表格格式
  • 工作单格式
  • 卡片格式
题名:
图形设计
    
 
作者: 崔生国 编著
分册:  
出版信息: 上海   上海人民美术出版社  2003
页数: 135页
开本: 26cm
丛书名:
单 册:
中图分类: J51
科图分类:
主题词: 图案--设计--高等学校--教材 , 图案
电子资源:
ISBN: 7-5322-3653-6
000 00759nam0 2200241 450
001 002576239
005 20061120144421.93
010    @a7-5322-3653-6@dCNY39.80
100    @a20040210d2003 em y0chiy0110 ea
101 0  @achi
102    @aCN@b310000
105    @aa z 000yy
200 1  @a图形设计@9tu xing she ji@f崔生国编著
210    @a上海@c上海人民美术出版社@d2003
215    @a135页@c图@d26cm
300    @a中国高等院校艺术设计专业系列教材
330    @a本书结合大量设计师的杰作,讨论图形设计中的联想,图形设计的方法,图形设计的创意,图形设计的文化,及图形的视觉表现等。
606 0  @a图案@x设计@x高等学校@j教材
606 0  @a图案
690    @aJ51@v4
701  0 @a崔生国@9cui sheng guo@4编著
801  0 @aCN@bNLC@c20061120
905    @a10447@dJ51@e165
    
    图形设计/崔生国编著.-上海:上海人民美术出版社,2003
    135页:图;26cm
    中国高等院校艺术设计专业系列教材
    
    ISBN 7-5322-3653-6:CNY39.80
    本书结合大量设计师的杰作,讨论图形设计中的联想,图形设计的方法,图形设计的创意,图形设计的文化,及图形的视觉表现等。
●
相关链接 在E读中查询图书 在五车中查询图书 在当当中查询图书 在豆瓣中查询图书


正题名:图形设计     索取号:J51/165         预约/预借

序号 登录号 条形码 馆藏地/架位号 状态 备注
1 0394590   203945909   第一样本阅览室/ [索取号:J51/165] 在馆    
2 0394591   203945918   第一借阅区/ [索取号:J51/165] 在馆    
3 0394592   203945927   第一借阅区/ [索取号:J51/165] 在馆    
4 0394593   203945936   第一借阅区/ [索取号:J51/165] 在馆    
5 0394594   203945945   第一借阅区/ [索取号:J51/165] 在馆    
唐山师范学院图书馆 欢迎您!
大连网信软件有限公司© 版权所有